| 000 | 00355 a2200121 4500 | ||
|---|---|---|---|
| 999 |
_c330015 _d330015 |
||
| 001 | 41576 | ||
| 003 | NUST | ||
| 005 | 20170605102941.0 | ||
| 008 | 170601b xxu||||| |||| 00| 0 eng d | ||
| 040 | _c0 | ||
| 082 | _a428 | ||
| 100 |
_aJohn Ellison Kahn _91966 |
||
| 245 |
_aThe Right Word at the Right Time _ba guide to the english language and how to use it |
||
| 260 |
_aLondon _bReaders Dig. Association Ltd _c2013 |
||
| 300 | _a688p | ||
| 942 |
_aSNS _cBK _cBK _2ddc |
||